| 000 | 01240nam a2200397 a 4500 | ||
|---|---|---|---|
| 001 | 000108315 | ||
| 003 | CHAP | ||
| 005 | 20220329144007.0 | ||
| 008 | 140127s2013 it a |r| ||||||eng d | ||
| 010 | _a104777 | ||
| 011 | _a105749 | ||
| 020 | _a9789251075951 | ||
| 040 | _cCHAP | ||
| 082 | 0 | 4 |
_a634.9 _bF3y v.171 |
| 245 | 1 | 0 |
_aEdible insects : _bfuture prospects for food and feed security / _cpor Arnold van Huis ...[et al.]. |
| 260 |
_aRoma : _bFAO, _c2013. |
||
| 300 |
_axvi, 187 p. : _bil., diagrs., tabs. |
||
| 490 | 1 |
_aFAO. Montes _v; 171 |
|
| 504 | 0 | _aIncluye bibliografía | |
| 590 |
_aBATCH-UPD _b05 _c20140127 _lUCH01 _h1231 |
||
| 590 |
_aE5995AHE _b05 _c20140127 _lUCH01 _h1230 |
||
| 590 |
_aE5995AHE _b05 _c20140127 _lUCH01 _h1231 |
||
| 590 |
_aE5995AHE _b05 _c20140127 _lUCH01 _h1236 |
||
| 650 | 1 | 4 |
_aAlimentos _xValor nutritivo. _94298 |
| 650 | 1 | 4 |
_aEspecies. _937790 |
| 650 | 1 | 4 |
_aHábitos alimenticios. _955679 |
| 650 | 1 | 4 |
_aInsectos (cocina) _9125262 |
| 650 | 1 | 4 |
_aInsectos como alimento. _958954 |
| 650 | 1 | 4 |
_aInsectos domésticos. _9125263 |
| 650 | 1 | 4 |
_aSeguridad alimentaria. _9103673 |
| 700 | 0 |
_aVan Huis, A. _9117776 |
|
| 830 | 0 |
_aFAO. Montes _v; 171 _939632 |
|
| 901 | _aBK | ||
| 942 | _cLIBRO | ||
| 942 | _n0 | ||
| 999 |
_c104777 _d104777 |
||